Normal view MARC view
  • YOUSUF, NAJMA

Entry Personal Name

Number of records used in: 1

001 - CONTROL NUMBER

  • control field: 118389

003 - CONTROL NUMBER IDENTIFIER

  • control field: NUST

005 - DATE AND TIME OF LATEST TRANSACTION

  • control field: 20231006114221.0

008 - FIXED-LENGTH DATA ELEMENTS

  • fixed length control field: 231006|| aca||aabn | a|a d

040 ## - CATALOGING SOURCE

  • Original cataloging agency: NUST
  • Transcribing agency: NUST

100 ## - HEADING--PERSONAL NAME

  • Personal name: YOUSUF, NAJMA

670 ## - SOURCE DATA FOUND

  • Source citation: Work cat.: (NUST): YOUSUF, NAJMA, EVALUATING THE ROLE OF COMMUNITY-BASED HYDRO POWER PROJECT IN SUSTAINABLE DEVELOPMENT IN HUNZA VALLEY OF GILGIT BALTISTAN, PAKISTAN
© 2023 Central Library, National University of Sciences and Technology. All Rights Reserved.